000 00473nam a2200181Ia 4500
005 20250326124740.0
008 250326s9999 xx 000 0 und d
037 _aTextbook
040 _aFMSL
_beng
_cFMSL
041 _aeng
_2eng
084 _aX:89A L2;1
_qFMSL
100 _aWild R
245 0 _aManagement and production
_cWild R
260 _aUSA
_bUSA, Penguin Books
_c1972
300 _a250p
942 _cTB
_hX:89A L2;1
999 _c1275028
_d1275028